A ral ̌brasileira Quem ̌e como vive /

Bibliographic Details
Main Author: Souza, Jesš
Format: eBook
Language:Portuguese
Published: San Pablo: Editora ContraCorrente, 2018
Subjects:
Online Access:Acceso restringido

MARC

LEADER 00000nam a22000007a 4500
005 2019111502502.0
007 cr|||| ||||
008 191115s2018 br |||||s|||| 00||0 por d
020 |a 978-85-69220-37-4 
035 |a 30664 
040 |a vLex 
090 |c 10022  |d 10022 
100 1 |a Souza, Jesš 
245 1 1 |a A ral ̌brasileira  |h [Recurso electrn̤ico] :  |b Quem ̌e como vive /  |c Jess ̌Souza 
256 |a Servicio en ln̕ea 
260 |a San Pablo:  |b Editora ContraCorrente,  |c 2018 
300 |a 1 recurso electrn̤ico 
500 |a Editora Contracorrente apresenta uma nova ediȯ̂ de “A ral ̌brasileira: quem ̌e como vive”, cls̀sico do pensamento social brasileiro que confere visibilidade ̉“ral ̌brasileira”, uma “classe social” jamais percebida enquanto “classe” entre ns̤, ou seja, nunca percebida como possuindo uma gn̊ese social e um destino comum, e vista apenas como “conjuntos de indivd̕uos” carentes ou perigosos. Com base em uma profunda e consistente pesquisa empr̕ica, este livro procura recontar, na dimensô da vida cotidiana, o drama existencial e familiar dos tipos sociais mais encontrados na ral ̌brasileira. Essa ̌uma “novela” a que os brasileiros ainda nô assistiram. O livro tambm̌ mostra como chegamos a construir uma cin̊cia social dominante conservadora, e, mais ainda, a partir dela, um debate pb︢lico servil ao economicismo hegemn̥ico, que mais esconde que revela dos nossos conflitos sociais mais importantes. Trata-se de leitura obrigatr̤ia a todas as brasileiras e brasileiros que desejam compreender verdadeiramente a sua sociedade. 
506 1 |a Disponible solo en los productos indicados  |d vLex Global  |d vLex Global (Academic Edition, excluding Law Schools)  |d vLex Global (U.S. Academic Edition, Law Schools)  |d vLex Global (U.S. Academic Edition, excluding Law Schools)  |d vLex Global (Academic Edition, Law Schools) 
650 0 4 |a Derecho Pb︢lico y Administrativo  |z Brasil 
650 0 4 |a Ciencias sociales  |z Brasil 
650 0 4 |a Sociologa̕  |z Brasil 
650 0 4 |a Ciencia polt̕ica  |z Brasil 
740 0 |a vLex Libros (Servicio en ln̕ea) 
856 4 0 |u http://vlex.com/source/rale-brasileira-quem-e-e-como-vive-30664  |z Acceso restringido 
942 |c BOOK 
999 0 |a Public and Administrative Law 
999 0 |a Social sciences 
999 0 |a Sociology 
999 0 |a  Political Science